Direito e Educação (Registro nro. 168882)

Detalles MARC
000 -LEADER
fixed length control field 01546nam a22002657a 4500
007 - PHYSICAL DESCRIPTION FIXED FIELD--GENERAL INFORMATION
fixed length control field cr|||| ||||
008 - FIXED-LENGTH DATA ELEMENTS--GENERAL INFORMATION
fixed length control field 200720s2015 br |||||s|||| 00||0 por d
020 ## - INTERNATIONAL STANDARD BOOK NUMBER
International Standard Book Number 978-85-8248-048-9
035 ## -
-- 31821
040 ## - CATALOGING SOURCE
Original cataloging agency vLex
090 ## -
-- 10646
-- 10646
100 1# - MAIN ENTRY--PERSONAL NAME
Personal name Santos, Ivanaldo
245 10 - TITLE STATEMENT
Title Direito e Educação
Medium [Recurso electrónico] :
Remainder of title A Fraternidade em Ação /
Statement of responsibility, etc Ivanaldo Santos, Lafayette Pozzoli
256 ## -
-- Servicio en línea
260 ## - PUBLICATION, DISTRIBUTION, ETC. (IMPRINT)
Place of publication, distribution, etc San Pablo:
Name of publisher, distributor, etc Letras Jurídicas Editora,
Date of publication, distribution, etc 2015
300 ## - PHYSICAL DESCRIPTION
Extent 1 recurso electrónico
500 ## - GENERAL NOTE
General note O livro: "Direito e Educação: Fraternidade em Ação - Uma abordagem interdisciplinar", e uma obra coletiva, fruto de pesquisas acadêmicas realizadas no âmbito da Pós-Graduação em diferentes áreas do conhecimento cientifico. Contempla artigos de autores iniciantes e de pesquisadores consolidados, que disponibilizam aos leitores reflexões sobre temas que articulam questões fundamentais da vida humana, na contemporaneidade.
506 1# - RESTRICTIONS ON ACCESS NOTE
Terms governing access Disponible solo en los productos indicados
Authorized users vLex Global
-- vLex Global (Academic Edition, excluding Law Schools)
-- vLex Global (U.S. Academic Edition, Law Schools)
-- vLex Global (U.S. Academic Edition, excluding Law Schools)
-- vLex Global (Academic Edition, Law Schools)
650 04 - SUBJECT ADDED ENTRY--TOPICAL TERM
Topical term or geographic name as entry element Familia y Sucesiones
Geographic subdivision Brasil
700 1# - ADDED ENTRY--PERSONAL NAME
Personal name Pozzoli, Lafayette
740 0# -
-- vLex Libros (Servicio en línea)
856 40 - LOCALIZACIÓN Y ACCESO ELECTRÓNICO
Identificador Uniforme del Recurso (URI/URL) https://app.vlex.com/#/sources/direito-e-educa-o-a-fraternidade-em-a-o-31821
942 ## -
-- RAA
999 ## -
-- 168882
-- 168882

No hay ítems disponibles.


CONTACTO


NOSOTROS


SITIOS DE INTERES

coordinacion.biblioteca.biblioteca@unienlinea.mx Misión, Visión y Objetivos Bases de datos
Directorio Bibliotecas Digitales y Repositorios
Normatividad Revistas y artículos
Convenios interbibliotecarios
Boletines



Hecho en México. Universidad Insurgentes (UIN). Todos los derechos reservados 2024. Esta página y sus contenidos pueden ser reproducidos con fines no lucrativos, siempre y cuando no se mutile, se cite la fuente completa y su dirección electrónicas. De otra forma requiere permiso previo por escrito de la institución




2024 Copyright Universidad Insurgentes | www.bibliouin.com.mx